Operación de riego : programación, operación a nivel de distrito, operación a nivel de parcela, lámina e intervalos de riego, modelos computacionales /
Guardado en:
| Autor Principal: | |
|---|---|
| Otros Autores: | |
| Formato: | Libro |
| Idioma: | Spanish |
| Publicado: |
Punta Alta :
Riagro,
1974.
|
| Etiquetas: |
Agregar Etiqueta
Sin Etiquetas, Sea el primero en etiquetar este registro!
|
| LEADER | 00607nam a22001455a 4500 | ||
|---|---|---|---|
| 001 | EEA.libagro002849 | ||
| 005 | 20190930122528.0 | ||
| 008 | 130809s1974####ag#a##########000#0#spa#d | ||
| 082 | 0 | 4 | |a 631.7 |
| 100 | 1 | |a Luque, Jorge Alfredo. | |
| 245 | 1 | 0 | |a Operación de riego : |b programación, operación a nivel de distrito, operación a nivel de parcela, lámina e intervalos de riego, modelos computacionales / |c Jorge Alfredo Luque, Juan Darío Paoloni. |
| 260 | |a Punta Alta : |b Riagro, |c 1974. | ||
| 300 | |a 330 p. : |b il. ; |c 25 cm. | ||
| 700 | 1 | |a Paoloni, Juan Darío. | |
| 859 | |a AR-BbBCA |b BIB. AGRONOMIA |h 631.7 |i L966-6a2 |p 1980/0054 | ||
